01011 2200349 4500001002100000005001500021035002000036007000300056040001700059100003500076245011200111250001100223300004000234504002500274020002200299041000800321082001000329084001600339090002100355264003300376336002100409337003000430338002300460650002200483850001000505008004100515990002100556990002100577990002100598990002100619990002100640INLIS00000000000812020260529074239 a0010-0922000609ta aSBPUPADbind0 aAdi Jarot PamungkasePengarang1 aRahasia Menjadi Drummer Terhebat dengan Iringan Komputer /cAdi Jarot Pamungkas; editor, Th. Arie Prabawati a.-ed.1 axii, 180 hlm :bilus. ;c16 x 23 cm aBibliografi, hlm 180 a978-979-29-3204-1 aind a786.9 a786.9 ADI r a786.9 ADI r 23-8 a.--Yogyakarta :bANDI,c2012 2rdacontentateks 2rdamediaatanpa perantara 2rdacarrieravolume 4aSistem Multimedia aPUPAD260529 0  a22108/Br/KAPD/15 a22109/Br/KAPD/15 a22110/Br/KAPD/15 a22106/Br/KAPD/15 a22107/Br/KAPD/15